LIBRARY & INFORMATION CENTRE, KCAET, TAVANUR

ONLINE PUBLIC ACCESS CATALOGUE (OPAC)

Environmental engineering: Water suppy, sanitary engineering and pollution / (Record no. 10446)

MARC details
000 -LEADER
fixed length control field 00514cam a2200181ua 4500
020 ## - INTERNATIONAL STANDARD BOOK NUMBER
ISBN 0-07-451708-2
041 ## - LANGUAGE CODE
Language code of text/sound track or separate title eng
082 ## - DEWEY DECIMAL CLASSIFICATION NUMBER
Classification number 628
Item number KAM/EN
100 ## - MAIN ENTRY--AUTHOR NAME
Personal name Kamala, A .
245 ## - TITLE STATEMENT
Title Environmental engineering: Water suppy, sanitary engineering and pollution /
260 ## - PUBLICATION, DISTRIBUTION, ETC. (IMPRINT)
Place of publication New Delhi :
Name of publisher Tata Mc-Graw Hill Publishing Company ,
Year of publication 1988.
300 ## - PHYSICAL DESCRIPTION
Number of Pages 272 ; .
500 ## - GENERAL NOTE
General note ** Reference
700 1# - ADDED ENTRY--PERSONAL NAME
Personal name Rao Kanth, D L .
942 ## - ADDED ENTRY ELEMENTS (KOHA)
Koha item type Books
Holdings
Withdrawn status Lost status Damaged status Home library Current library Date acquired Full call number Accession Number Koha item type
      KAUAET KAUAET 07/04/2012 628 18894 Reference
free website counter